000 00363nam a22001337a 4500
020 _qPB.
040 _cFIZZA ISHAQ
082 _a005.1
_bLIN
100 _a Linderman, Matthew.
_9132203
245 _aDefensive Design for the Web /
_c Matthew Linderman.
260 _aNEW YORK:
_bNew Riders Press,
_c2004.
300 _a246 P. ;
_c23.7X18 X1.1cm
942 _2ddc
_cBK
999 _c615463
_d615463